00473 a2200181 4500001000700000020001700007040001100024100001900035240003100054245002600085300000800111362000900119440001200128697002300140942000700163952010200170999001900272183558 a85-08-9776-X cMagnum aScliar, Moacyr10aNo caminho dos sonhoslpor10aNo caminho dos sonhos a1180 a2005 1aÁtica aLITERATURA JUVENIL cBK 00104070a32.5b32.5d2024-06-08l0o869.3.30pMAG00039668r2024-06-08 20:59:56w2024-06-08yBK c183558d183558